[Event "Autonomico-ch f"]
[Site "Aragon"]
[Date "1999.04.24"]
[Round "2"]
[White "Carruez Berges, Fernando"]
[Black "Palacios Latasa, Elias"]
[Result "1/2-1/2"]
[WhiteElo "2135"]
[BlackElo "2239"]
[PlyCount "23"]
[EventDate "1999.04.17"]
[EventType "team"]
[EventRounds "3"]
[EventCountry "ESP"]
[SourceTitle "EXT 2001"]
[Source "ChessBase"]
[SourceDate "2000.11.22"]
[SourceVersion "1"]
[SourceVersionDate "2000.11.22"]
[SourceQuality "1"]

1. e4 Nf6 2. Nc3 e6 3. e5 Nd5 4. Nxd5 exd5 5. d4 d6 6. Bd3 Nc6 7. exd6 Bxd6 8. Nf3 Bg4 9. Be3 Qf6 10. Be2 h6 11. c3 0-0 12. h3 1/2-1/2

[Event "Zaragoza"]
[Site "Zaragoza"]
[Date "1993.??.??"]
[Round "7"]
[White "Braga, Fernando Alberto"]
[Black "Carruez Berges, Fernando"]
[Result "1-0"]
[WhiteElo "2455"]
[BlackElo "2200"]
[PlyCount "55"]
[EventDate "1993.??.??"]
[EventType "tourn"]
[EventRounds "9"]
[EventCountry "ESP"]
[EventCategory "2"]
[SourceTitle "EXT 1997"]
[Source "ChessBase"]
[SourceDate "1996.11.15"]
[SourceVersion "1"]
[SourceVersionDate "1996.11.15"]
[SourceQuality "1"]

1. d4 e6 2. c4 d5 3. Nc3 Nf6 4. Bg5 Nbd7 5. Nf3 c6 6. e3 Qa5 7. Nd2 dxc4 8. Bxf6 gxf6 9. Nxc4 Qc7 10. Qh5 b5 11. Nd2 f5 12. Rc1 b4 13. Na4 Qa5 14. b3 Ba6 15. Qf3 Rc8 16. Rxc6 Rxc6 17. Qxc6 Bxf1 18. Rxf1 Qd5 19. Qc8+ Ke7 20. Ke2 Bg7 21. Qc7 Rd8 22. Rc1 e5 23. Nf3 e4 24. Nd2 f4 25. Qxf4 f5 26. Qh4+ Bf6 27. Qxh7+ Ke6 28. Nc5+ 1-0